000
00321nam a2200121 a 4500
005
20140414131938.0
008
110125s19uu xx 00 eng d
050
_a
ER
_b
C48 2006
100
_a
Arps, Melissa
245
_a
Cinderella III :
_b
A twist in time.
260
_a
New York :
_b
Random House,
_c
2006.
999
_c
112508
_d
112508